000 00824nam a2200253Ia 4500
003 OSt
005 20220918170402.0
006 a|||||r|||| 00| 0
007 ta
008 220917b |||||||| |||| 00| 0 eng d
020 _a9780199495559 (hbk)
_cINR 1395.00
024 _a353,207
037 _bIN3466/2019-20, 24/02/2020, R. K. Books
_cTextual
040 _aARTS
_cARTS
_beng
041 _2eng
_aeng
082 _aV2:1.L, Q9
100 _aNath Pratyay
_928756
245 0 _aClimate of conquest
_b war, environment, and empire in Mughal North India
260 _aOxford
_bOxford University Press UK
_c2019
300 _axli,325p.
_ccm.
650 _aINDIA - HISTORY - MUGHALS
_928757
942 _hV2:1.L, Q9
_cTEXL
_2CC
999 _c133925
_d133925